000 01480nam a2200241Ia 4500
003 Ost
005 20260507075542.0
008 260507s9999||||xx |||||||||||||| ||und||
040 _cfsecg
041 _aara
082 _a632.8
100 _aهندي، منير ابراهيم
_eمؤلف
245 0 _aإدارة المخاطر :
_bعقود الخيارات /
_c منير ابراهيم هندي
260 _aالاسكندرية:
_bمكتبة المعارف,
_c2007
300 _a694 صفحة؛
_bإيضاحات ؛
_c24 سم
490 _aسلسة الفكر الحديث في الهندسة المالية
504 _aكشاف مصطلحات ص.691
520 _aيضم عقود الخيار على الأسهم، استراتيجيات خيارات متقدمة، عقود الخيارات على أسعار الصرف، عقود الخيارات على العملات، تسعير عقود الخيار على أسعار الصرف، عقود الخيار على أسعار الفائدة والأصول ذات سعر الفائدة، عقود الخيار على مؤشرات الأسهم، عقود الخيار على مؤشرات الأسهم، تأمين المحفظة، العقود المتداولة في الاسواق غير المنظمة، قرارات الإستثمار والتمويل في مفهوم عقود الخيارات
653 _aالأسهم
653 _aالعقود
653 _aالمخاطر المالية
942 _cكتاب
999 _c44875
_d44875